000 00502nam a2200181Ia 4500
005 20250508150729.0
008 008 250505s9999 xx 000 0 eng d
037 _aTextual
040 _aFEDL
_beng
_cFEDL
041 _aeng
_2eng
084 _a649.1, BLA
_qFEDL
100 _aBlackie W K
_9757489
245 0 _aChild health in warm climates
260 _aLondon, UK
_bLongmans, Green and Co.
_c1950
300 _aix,182p.
942 _cTEXL
_h649.1, BLA
999 _c1325325
_d1325325